• 首页
  • 本馆介绍
  • 公告通知
  • 最新文献
  • 馆藏检索
  • 电子资源
  • 读者导购
  • 参考咨询
  • 我的图书馆
  • 登录
  • 详细信息显示
  • 放入我的书架
  • 预约/预借图书
  • 作者相关作品
  • 分类相关作品
  • 丛书相关作品
  • 出版社相关作品

书目信息

  • 表格格式
  • 工作单格式
  • 卡片格式
题名:
LC滤波器设计与制作
    
 
作者: 森荣二 著 ;薛培鼎 译
分册:  
出版信息: 北京   科学出版社  2006
页数: 299页
开本: 26cm
丛书名: 图解实用电子技术丛书
单 册:
中图分类: TN713
科图分类:
主题词: 滤波器--设计
电子资源:
ISBN: 7-03-016510-1
000 01009oam2 2200289 45
001 012004010166
005 20070805112513.25
009 012004010166
010    @a7-03-016510-1@dCNY35.00
035    @a(110017)062002027348
100    @a20060116d2006 em y0chiy0110 ea
101 1  @achi@cjpn
102    @aCN@b110000
105    @aa z 000yy
106    @ar
200 1  @aLC滤波器设计与制作@ALC lu bo qi she ji yu zhi zuo@f(日)森荣二著@F( ri ) sen rong er zhu@g薛培鼎译@Gxue pei ding yi
210    @a北京@c科学出版社@d2006
215    @a299页@d26cm
225 2  @a图解实用电子技术丛书@Atu jie shi yong dian zi ji shu cong shu
330    @a本书内容包括经典设计方法和现代设计方法,如定K型、m型演型、巴特沃思型等低通、高通、带通、带阻滤波器及电容耦合谐振器型窄带滤波器。
461  0 @12001 @a图解实用电子技术丛书
606 0  @a滤波器@x设计
690    @aTN713@v4
701  0 @c(日)@a森荣二@Asen rong er@4著
702  0 @a薛培鼎@Axue pei ding@4译
801  0 @aCN@b110017@c20070805
905    @dTN713@e251@f5
    
    LC滤波器设计与制作/(日)森荣二著/薛培鼎译.-北京:科学出版社,2006
    299页;26cm.-(图解实用电子技术丛书)
    
    
    ISBN 7-03-016510-1:CNY35.00
    本书内容包括经典设计方法和现代设计方法,如定K型、m型演型、巴特沃思型等低通、高通、带通、带阻滤波器及电容耦合谐振器型窄带滤波器。
●
相关链接 在E读中查询图书 在五车中查询图书 在当当中查询图书 在豆瓣中查询图书


正题名:LC滤波器设计与制作     索取号:TN713/251         预约/预借

序号 登录号 条形码 馆藏地/架位号 状态 备注
1 0851483   208514838   第二样本阅览室/ [索取号:TN713/251] 在馆    
2 0851484   208514847   第三借阅区/ [索取号:TN713/251] 在馆    
3 0851485   208514856   第三借阅区/ [索取号:TN713/251] 在馆    
4 0851486   208514865   第三借阅区/ [索取号:TN713/251] 在馆    
5 0851487   208514874   第三借阅区/ [索取号:TN713/251] 在馆    
唐山师范学院图书馆 欢迎您!
大连网信软件有限公司© 版权所有